Bulhaři objevují zemní plyn
Plynárenský systém v Bulharsku. V 70. a 80. rokoch plyn chápaný ako lacný zdroj energie pre ťažký a chemický priemysel. Rozvoj plynárenského priemyslu v 90. rokoch, kedy sa plyn rozšíril aj do verejného používania. Bulharsko ako tranzitná krajina pre Turecko, Grécko a Macedóniu. Plynárenské spoločno...
Saved in:
| Main Author: | |
|---|---|
| Format: | Book Chapter |
| Language: | Czech |
| Subjects: | |
| Tags: |
No Tags, Be the first to tag this record!
|
MARC
| LEADER | 00000naa a2200000 4500 | ||
|---|---|---|---|
| 001 | 0118525 | ||
| 005 | 20221107085244.8 | ||
| 041 | 0 | |a cze | |
| 044 | |a CZ | ||
| 245 | 1 | 0 | |a Bulhaři objevují zemní plyn |c Hugo Kysilka |
| 520 | |a Plynárenský systém v Bulharsku. V 70. a 80. rokoch plyn chápaný ako lacný zdroj energie pre ťažký a chemický priemysel. Rozvoj plynárenského priemyslu v 90. rokoch, kedy sa plyn rozšíril aj do verejného používania. Bulharsko ako tranzitná krajina pre Turecko, Grécko a Macedóniu. Plynárenské spoločnosti v Bulharsku. Spoločnosť AS Overgaz Inc. a jej vedúce postavenie na bulharskom trhu rozvodu plynu. | ||
| 610 | 2 | 0 | |a plyn zemný |
| 610 | 2 | 0 | |a plynovody |
| 610 | 2 | 0 | |a energetika |
| 610 | 2 | 0 | |a zdroje energie |
| 610 | 2 | 0 | |a ťažba surovín |
| 610 | 2 | 0 | |a dovoz |
| 610 | 2 | 0 | |a Bulharsko |
| 100 | 1 | |a Kysilka, Hugo | |